Normal view
MARC view
- Carnall, C. A.
Entry Personal Name
001 - CONTROL NUMBER
- control field: 6905
003 - CONTROL NUMBER IDENTIFIER
- control field: OSt
005 - DATE AND TIME OF LATEST TRANSACTION
- control field: 20170523082705.0
008 - FIXED-LENGTH DATA ELEMENTS
- fixed length control field: 170523|| aca||aabn | a|a d
040 ## - CATALOGING SOURCE
- Original cataloging agency: OSt
- Transcribing agency: OSt
100 ## - HEADING--PERSONAL NAME
- Personal name: Carnall, C. A.
670 ## - SOURCE DATA FOUND
- Source citation: Work cat.: (OSt): Carnall, C. A., Managing change /, 1991

PORTAL AKMAL
E-MEL JKDM
AKMAL2U
G-BAM
u-PUSTAKA